Statistics for Largest Islands by Letter - P

Click here to take the quiz!

General Stats

  • This quiz has been taken 29 times
  • The average score is 4 of 14

Answer Stats

Area (sq km)CountryAnswer% Correct
9,100United StatesPuerto Rico
80%
5,620CanadaPrince Edward Island
75%
12,189PhilippinesPalawan
55%
33,339CanadaPrince of Wales Island
55%
6,675United StatesPrince of Wales Island
55%
12,011PhilippinesPanay
30%
9,521CanadaPrince Charles Island
25%
15,848CanadaPrince Patrick Island
15%
1,109IndonesiaPadang Island
10%
2,471RussiaParamushir
5%
2,346IndonesiaPeleng
5%
1,527RussiaPioneer Island
5%
1,375CanadaPitt Island
5%
2,251CanadaPrincess Royal Island
5%

Score Distribution

Percentile by Number Answered

Percent of People with Each Score

Your Score History

You have not taken this quiz